000 00623nam a22001817a 4500
003 BUBTL
008 191113b xxu||||| |||| 00| 0 eng d
020 _a978-984-598-012-8
082 _a891.443/ K1231s/ 2010
100 _92458
_aকায়সার, শহীদুল্লা
245 _aসংশপ্তক /
_cকায়সার, শহীদুল্লা
260 _aঢাকা :
_bচারুলিপি,
_cc1965.
300 _a399 p. :
_c22 cm.
650 0 _91687
_aবাংলা সাহিত্য
856 _k0
_l0
_yDownload
942 _2ddc
_cBK
999 _c6154
_d6154